000 00533nam a2200193Ia 4500
005 20250508152715.0
008 008 250505s9999 xx 000 0 hin d
037 _aTextual
040 _aFEDL
_beng
_cFEDL
041 _ahin
_2hin
084 _aFH, KAU
_qFEDL
100 _aKaushik Vishwambhar Nath Sharma
_9762197
245 0 _aRaksha bandhan: Kahani sangrah
260 _aAgra, India
_bVinod Pustak Mandir
_c1959
300 _a197p.
365 _aINR
_b3.3
942 _cTEXL
_hFH, KAU
999 _c1338188
_d1338188